| 000 | 00780nam a2200217 a 4500 | ||
|---|---|---|---|
| 001 | 000030712 | ||
| 005 | 20240412074255.0 | ||
| 008 | 110526s201u dr 000 p spa d | ||
| 040 |
_aDO-SdBNP _bspa _cBNPHU |
||
| 082 |
_aRD861.5 _bY51p |
||
| 100 | 1 |
_aYñiquez Paulino, Luz María _957298 |
|
| 245 | 1 | 3 |
_aUn pensamiento tras una poesía / _cLuz María Yñiquez Paulino. |
| 260 |
_a[Santo Domingo : _bs. n., _c20--]. |
||
| 300 |
_a122 p. ; _c21 cm. |
||
| 500 | _aIncluye datos biográficos de la autora en la solapa de la contracubierta | ||
| 590 | _aLa biblioteca posee tres ejemplares autografiados por el autor | ||
| 590 | _aInventariado, 2019 / DG | ||
| 650 | 0 |
_aPoesía dominicana _966 |
|
| 650 | 0 |
_aLiteratura dominicana. _967 |
|
| 910 | _aValidado. Control de calidad MFF | ||
| 999 |
_c30204 _d30204 |
||